000 01163nas a2200313Ia 4500
003 PE SENCICO BE
005 20251020182631.0
008 230227c99999999xx |||||||||||| ||spa||
022 _a0214-1256
040 _aPE SENCICO BE
_cPE SENCICO BE
041 _aspa
110 1 _aEspaña.
_92374
_bMinisterio de Cultura
245 1 0 _aArquitectura viva /
_cMinisterio de Cultura
260 _aMadrid:
_bMinisterio de Cultura ;
_c2011 -
300 _av.
_bil. col. ;
_c30 cm.
500 _aDescripción basada en: N° 206 (2018)
500 _aTexto en idioma inglés y español.
650 1 0 _aConstrucciones de madera
_9327
650 2 0 _aConstrucciones de bambú
_9339
650 2 0 _aArquitectura de viviendas
_9370
650 2 0 _aArquitectura urbana
_9570
650 2 0 _aArquitectura moderna
_9191
650 2 0 _aArquitectura paisajista
_91409
650 2 0 _aIluminación arquitectónica
_9140
650 2 0 _aArquitectura ecológica
_9806
866 _a2011 6(134,135,136,137,138,139)
_a2013 11(148,149,150,151,152,153,154,155,156,157,158)
_a2014 9(2159,2160,2161,2162,2163,2164,2165,2166,167)
_a2018 : No. 206
910 _ahfp
_bhfp
_chfp
942 _cREV
_2ddc
999 _c3995
_d3995